000 00333nam a22001457a 4500
003 OSt
005 20220404161924.0
008 220404b |||||||| |||| 00| 0 eng d
020 _a9789382174011
040 _cHU
082 _a690
100 _aGupta
_91644
245 _aConstruction Technology & Management
942 _2ddc
_cBOOKS
_n0
999 _c34295
_d34295